000 00518cam a2200145 4500500
005 20260322004752.0
041 _afre
042 _adc
100 1 0 _aGuégan, Hortense
_eauthor
245 0 0 _aGerminal « La République écologique » N° 2, mai 2021, 294 p., 15 €
260 _c2021.
500 _a97
786 0 _nRevue des deux Mondes | ovembre | 8 | 2021-11-01 | p. 167a-167 | 2266-4734
856 4 1 _uhttps://shs.cairn.info/revue-revue-des-deux-mondes-2021-8-page-167a?lang=fr&redirect-ssocas=7080
999 _c1742941
_d1742941